Normal view
MARC view
Entry Personal Name
001 - CONTROL NUMBER
- control field: 49671
003 - CONTROL NUMBER IDENTIFIER
- control field: ARRUPE
005 - DATE AND TIME OF LATEST TRANSACTION
- control field: 20200317100730.0
008 - FIXED-LENGTH DATA ELEMENTS
- fixed length control field: 200317|| aca||aabn | a|a d
040 ## - CATALOGING SOURCE
- Original cataloging agency: ARRUPE
- Transcribing agency: ARRUPE
100 ## - HEADING--PERSONAL NAME
- Personal name: Correia, Francisco
670 ## - SOURCE DATA FOUND
- Source citation: Work cat.: (ARRUPE): Correia, Francisco, The Venerable Father Goncalo da Silveira, 2020